Central Library OPAC University of Rajshahi

Further letters of Gerard Manley Hopkins : (Record no. 20492)

MARC details
000 -LEADER
fixed length control field 01143cam a2200301 a 4500
001 - CONTROL NUMBER
control field 20492
003 - CONTROL NUMBER IDENTIFIER
rucl marc code BD-RjUL
005 - DATE AND TIME OF LATEST TRANSACTION
control field 20211209000555.0
008 - FIXED-LENGTH DATA ELEMENTS--GENERAL INFORMATION
fixed length control field 140301n1956 enk fh b 001 0 eng d
035 ## - SYSTEM CONTROL NUMBER
System control number 38-20950
System control number (OCoLC)2928207
-- (BD-RjUL)20554
040 ## - CATALOGING SOURCE
Original cataloging agency DLC
Transcribing agency WHE
Modifying agency BD-RjUL
Language of cataloging eng
041 ## - LANGUAGE CODE
Language code of text/sound track or separate title eng
082 ## - DEWEY DECIMAL CLASSIFICATION NUMBER
Classification number 928.2
Author mark and year HOF 1956
100 1# - MAIN ENTRY--PERSONAL NAME
Personal name Hopkins, Gerard Manley,
Dates associated with a name 1844-1889.
9 (RLIN) 63192
245 10 - TITLE STATEMENT
Title Further letters of Gerard Manley Hopkins :
Remainder of title including his correspondence with Coventry Patmore /
Statement of responsibility, etc. edited with notes and an introduction by Claude Colleer Abbott.
260 ## - PUBLICATION, DISTRIBUTION, ETC. (IMPRINT)
Place of publication, distribution, etc. London :
Name of publisher, distributor, etc. Oxford University Press,
Date of publication, distribution, etc. 1956.
300 ## - PHYSICAL DESCRIPTION
Pagination xliii, 465 :
Illustrations ill., facsims., ports. ;
Size 23 cm.
504 ## - BIBLIOGRAPHY, ETC. NOTE
Bibliography, etc Includes bibliographical references and index.
600 10 - SUBJECT ADDED ENTRY--PERSONAL NAME
Personal name Hopkins, Gerard Manley,
Dates associated with a name 1844-1889
Personal name Patmore, Coventry,
Dates associated with a name 1823-1896
650 ## - SUBJECT ADDED ENTRY--TOPICAL TERM
Topical term or geographic name as entry element Hopkins, Gerard Manley, 1844-1889 Correspondence
9 (RLIN) 63195
700 1# - ADDED ENTRY--PERSONAL NAME
Personal name Patmore, Coventry,
Dates associated with a name 1823-1896.
Personal name Abbott, Claude Colleer,
Dates associated with a name 1889-1971.
942 ## - ADDED ENTRY ELEMENTS (KOHA)
Source of classification or shelving scheme Dewey Decimal Classification
Koha item type Books
Holdings
Lost status Source of classification or shelving scheme Damaged status Not for loan Collection code Permanent Location Current Location Shelving location Date acquired Source of acquisition Cost, normal purchase price Total Checkouts Full call number Date last seen Copy number Koha item type
  Dewey Decimal Classification   Added to bundle Non-fiction Central Library, University of Rajshahi Central Library, University of Rajshahi Reading Room 06/02/1957 O.U.P. 38.00   928.2 HOF 1956 01/03/2014 C-1 Books
  Dewey Decimal Classification     Fiction Central Library, University of Rajshahi Central Library, University of Rajshahi   11/03/1964 Zeitlinger 63.00   928.2 HOF 1956 10/03/2014 C-2 Books